000 00408cam a22001097a 4500
008 180718b1978 xxu||||| |||| 00| 0 eng d
082 _aP8x54 in2w
245 _aAdult education programmes for women: report
_cby Ministry of Education and Social Welfare, India
260 _aNew Delhi
_bThe Manager of Government of Indian Press
_c1978
300 _a15p
700 _aIndia. Ministry of Education and Social Welfare
999 _c494911
_d494911